00521nam a2200169Ia 4500008004100000082001600041100003800057245004300095250000800138260002800146300001100174500002400185650001200209942000700221952010600228999001700334230524s9999 xx 000 0 und d a658.43bLIN aM.Balkanski and R.F.Wallis931139 0aSemiconductor Physics and Applications a4TH aNEW DELHIbOxfordc2006 aXI;856 aQuantity Number: 1 aPhysics cBK 00104070aTATCLbTATCLcGENd2023-05-24l0o658.43 LINp32592r2023-05-24w2023-05-24yBKzBSCP2202 c44307d44307